Hunger Games - Paroles The Hanging Tree - Statistiques

Statistiques générales
  • Ce quiz a été pris 2 984 fois
    1 281 depuis la dernière actualisation
  • Le résultat moyen est 190 sur 264
Statistiques - réponses
Paroles % Correct
a
100%
the
98%
you,
98%
you
98%
Are
97%
are
97%
tree?
97%
tree
97%
to
96%
comin'
93%
I
82%
Strange
81%
man,
80%
man
80%
things
80%
happen
79%
hanging
75%
they
75%
who
75%
be
74%
Where
72%
here,
70%
me?
70%
three
69%
up
68%
we
67%
would
67%
did
66%
it
66%
say,
66%
at
64%
midnight
64%
stranger
61%
in
60%
murdered
60%
If
58%
no
58%
met
57%
strung
44%
free?
38%
love
37%
told
37%
for
36%
run,
36%
so
36%
dead
35%
his
34%
flee?
32%
out
31%
called
29%
both
26%
by
26%
of
22%
rope / hope,
22%
side
21%
Wear
21%
with
21%
we'd
20%
necklace
19%
Aucun quiz correspondant
Distribution des résultats
% des personnes avec chaque résultat
Percentile par nombre de réponses
Votre historique - résultats
Vous n’avez pas pris ce quiz depuis la dernière actualisation